Think and Grow Rich/ (Record no. 177793)

MARC details
000 -LEADER
fixed length control field 00567nam a22001817a 4500
005 - DATE AND TIME OF LATEST TRANSACTION
control field 20210303174422.0
010 ## - LCCN (DPL NO)
LC control number ENG-129135
020 ## - INTERNATIONAL STANDARD BOOK NUMBER
Terms of availability 195.00
International Standard Book Number 9789-38667-7471
035 ## - SYSTEM CONTROL NUMBER
System control number EN-112667
037 ## - SOURCE OF ACQUISITION
Source of stock number/acquisition DBAD/PUB
082 ## - DEWEY DECIMAL CLASSIFICATION NUMBER
Classification number 650.1
100 ## - MAIN ENTRY--PERSONAL NAME
Personal name Hill, Napolean
245 ## - TITLE STATEMENT
Title Think and Grow Rich/
Statement of responsibility, etc Napolean Hill
260 ## - PUBLICATION, DISTRIBUTION, ETC. (IMPRINT)
Place of publication, distribution, etc New Delhi
Date of publication, distribution, etc 2018
Name of publisher, distributor, etc Manakin Press
270 ## - ADDRESS
City New Delhi
Address B-300, Okhla Industrial Area, Phase-I
Postal code 110020
Telephone number 91-11-45328300
Electronic mail address publisher@manakinpress.com
300 ## - PHYSICAL DESCRIPTION
Extent vi+241p.
Dimensions 22cm(pbk)
942 ## - ADDED ENTRY ELEMENTS (KOHA)
Source of classification or shelving scheme Dewey Decimal Classification
Item type English Books
Classification part 650.1
Call number suffix HIL
Holdings
Withdrawn status Lost status Not for loan Collection code Home library Current library Date acquired Source of acquisition Cost, normal purchase price Full call number Barcode Copy number Cost, replacement price Koha item type
      Non-fiction Bawana Bawana 03/03/2021 DBAD/PUB 195.00 650.1 HIL EN-112667 1 195.00 English Books

© Delhi Public Library
Hit Counter
free hit counter